00257nam a2200109Ia 4500008004100000020001800041082001200059100001700071245001900088260002100107500001900128260604s9999 xx 000 0 und d a9781319544720 a339 KRU aPaul krugman 0aMacroeconomics bWorth Publishers aMacroeconomics